000 00598nam a2200169 i 4500
001 98446
003 ES-MaACL
005 20230906182303.0
007 t|
008 050902s1914 sp ||||1| spa d
245 0 0 _aCatálogo de despachos contenidos en los libros de plazas de la Cámara de Castilla (años 1606-1834).
260 _aMadrid :
_b[s.n.],
_c1914 (
_fTip. de la Rev. de Archivos, Bibliotecas y Museos)
300 _a80 p. ;
_c24 cm.
500 _aPrecede al tit.: Archivo Histórico Nacional.
710 2 _aArchivo Histórico Nacional (España)
_91450
852 _aES-MaACL
_jC-15737(2)
999 _c98446
_d98446